Trainer des HSV seit 2000 - Statistiken

Allgemein
  • Dieses Quiz wurde 801 mal gespielt
    254 seit der letzten Aktualisierung
  • Das Durchschnittsergebnis liegt bei 17 aus 31
Antwortstatistiken
Jahr Trainer % Korrekt
2024 Merlin Polzin
94%
2024-heute Merlin Polzin
94%
2021-2024 Tim Walter
93%
2009-2010 Bruno Labbadia
88%
2015-2016 Bruno Labbadia
88%
2024 Steffen Baumgart
85%
2020-2021 Daniel Thioune
75%
2018 Christian Titz
72%
2019-2020 Dieter Hecking
72%
2018-2019 Hannes Wolf
68%
2021 Horst Hrubesch
61%
2008-2009 Martin Jol
58%
2014 Mirko Slomka
57%
2007-2008 Huub Stevens
56%
2016-2018 Markus Gisdol
53%
2004-2007 Thomas Doll
52%
2011 Rodolfo Cardoso
50%
2013 Rodolfo Cardoso
50%
2011-2013 Thorsten Fink
50%
2018 Bernd Hollerbach
47%
2010-2011 Armin Veh
46%
2013-2014 Bert van Marwijk
46%
1997-2001 Frank Pagelsdorf
41%
2011 Michael Oenning
39%
2011 Frank Arnesen
36%
2014-2015 Josef Zinnbauer
35%
2015 Peter Knäbel
31%
2003-2004 Klaus Toppmöller
29%
2010 Ricardo Moniz
22%
2001-2003 Kurt Jara
19%
2001 Holger Hieronymus
11%
Keine übereinstimmenden Quizze gefunden
Verteilung der Resultate
Anzahl Personen mit jedem Resultat
Perzentil nach korrekt beantworteten Fragen
Ihre Resultats-Entwicklung
Sie haben dieses Quiz seit der letzten Aktualisierung nicht gespielt